|
|
|
|
| LEADER |
00000ny a22000003n 4500 |
| 005 |
20110609103651.0 |
| 008 |
031020s2004 sp || |||| ||spa d |
| 035 |
|
|
|a 458
|
| 040 |
|
|
|a BUS
|d vLex
|
| 090 |
|
|
|c 589
|d 589
|
| 100 |
1 |
|
|a Fernǹdez Ruiz, Jos ̌Luis
|
| 245 |
1 |
0 |
|a Fundamentos de derecho mercantil.
|n T. I,
|p Concepto y fuentes, empresa y empresarios individuales y sociales
|h [Recurso electrn̤ico]
|c Jos ̌Luis Fernǹdez Ruiz ; Ma. de los aÌ‚Angeles Martn̕ Reyes
|
| 250 |
|
|
|a 4a. ed. rev. y act.
|
| 256 |
|
|
|a Servicio en ln̕ea
|
| 260 |
|
|
|a Madrid :
|b EDERSA,
|c 2004
|
| 300 |
|
|
|a p. ;
|c cm
|
| 490 |
1 |
|
|a Monografa̕s
|
| 506 |
1 |
|
|a Contenido solo disponible en los productos indicados
|d vLex Global
|d vLex Global (Academic Edition, excluding Law Schools)
|d vLex Global (U.S. Academic Edition, Law Schools)
|d vLex Global (U.S. Academic Edition, excluding Law Schools)
|d vLex Global (Academic Edition, Law Schools)
|
| 650 |
0 |
7 |
|a Derecho mercantil
|2 Tesauro vLex
|
| 650 |
0 |
7 |
|a Empresarios industriales
|2 Tesauro vLex
|
| 650 |
0 |
7 |
|a Empresas
|2 Tesauro vLex
|
| 700 |
1 |
|
|a Martn̕, Mara̕ de los aÌ‚Angeles,
|e coaut.
|
| 740 |
0 |
|
|a vLex Libros (Servicios en ln̕ea)
|
| 830 |
|
0 |
|a Monografa̕s (EDERSA)
|
| 856 |
4 |
0 |
|z Acceso restringido
|u http://vlex.com/source/derecho-mercantil-fundamentos-458
|
| 942 |
|
|
|c BOOK
|
| 999 |
0 |
|
|a Commercial Law
|b Madrid
|